000 00921nam a22002417a 4500
005 20240530110623.0
008 161227s2015 ua a g b 000 0 ara d
017 _a2014/3457
_bمصر. دار الكتب
020 _a9789777530255
040 _aEG-CaGPL
_cEG-CaGPL
082 0 4 _221
_a302.23\
_bم م
100 _aماجدة عبدالفتاح الهلباوى .
245 1 0 _aموسوعة الاسس و القواعد الدولية لمنهجية الاعلام /
_cماجدة عبدالفتاح الهلباوى .
250 _aط.1
260 _aالاسكندرية :
_bمكتبة الوفاء القانونية ،
_c2015 .
300 _a495 ص ؛
_c24 سم .
504 _aببليوجرافية : ص 479 - 494
650 0 7 _2qrmak
_aالاعلام .
650 0 7 _2qrmak
_aحوار الحضارات .
650 0 7 _2qrmak
_aالعنف .
942 _2ddc
_cBK
999 _c63090
_d63090